|
|
|
|
| LEADER |
00000nam a2200000 a 4500 |
| 001 |
vtls010534175 |
| 003 |
SK-MaSNL |
| 005 |
20260505085056.0 |
| 008 |
240314t2013 xo f i 001 0 slo |
| 015 |
|
|
|a SNBA2013/12
|
| 020 |
|
|
|a 9788055134840
|q (viaz.)
|
| 035 |
|
|
|a DE98EFB6-0892-4C28-8C52-8E593A2C5D24
|
| 035 |
|
|
|a urn:nbn:sk:snk-amjnr0
|
| 035 |
|
|
|a urn:nbn:sk:snk-am00137w
|
| 040 |
|
|
|a SNK
|b slo
|c SNK
|e AACR2
|
| 041 |
1 |
|
|a slo
|h eng
|
| 043 |
|
|
|a e-gx---
|
| 044 |
|
|
|a xo
|c SK
|
| 072 |
|
7 |
|a 94(4)
|x Dejiny Európy
|2 konspekt
|
| 080 |
|
|
|a (=1.73)
|2 2001
|
| 080 |
|
|
|a 329.17
|2 2001
|
| 080 |
|
|
|a 329.17-051
|2 2001
|
| 080 |
|
|
|a 328/329
|2 2001
|
| 080 |
|
|
|a (430)
|2 2001
|
| 080 |
|
|
|a 94(100)"1939/1945"
|2 2001
|
| 080 |
|
|
|a 308
|2 2001
|
| 080 |
|
|
|a (0:82-96)
|2 2001
|
| 100 |
1 |
|
|a Nagorski, Andrew,
|d 1947-
|4 aut
|9 174431
|
| 240 |
1 |
0 |
|a Hitlerland American eyewitnesses to the nazi rise to power
|l Slovensky
|
| 245 |
1 |
0 |
|a Američania v Hitlerlande
|b výpovede očitých svedkov o ceste nacistov k moci a vojne
|c Andrew Nagorski ; z anglického originálu preložil ... preložil Peter Fridner
|
| 260 |
|
|
|a Bratislava
|b Ikar
|c 2013
|
| 300 |
|
|
|a 416 s.
|c 21 cm
|
| 500 |
|
|
|a Preložené z angličtiny.
|
| 504 |
|
|
|a Obsahuje bibliografiu, bibliografické poznámky, register.
|
| 600 |
1 |
7 |
|a Hitler, Adolf,
|d 1889-1945
|2 SNKMA
|9 11283
|
| 648 |
|
7 |
|a 1918-1933
|2 SNKPH
|9 304382
|
| 648 |
|
7 |
|a 1933-1945
|2 SNKPH
|9 310476
|
| 650 |
0 |
7 |
|a nacizmus
|2 SNKPH
|9 4473
|
| 650 |
0 |
7 |
|a nacisti
|2 SNKPH
|9 4838
|
| 650 |
0 |
7 |
|a Američania
|2 SNKPH
|9 59751
|
| 650 |
0 |
7 |
|a druhá svetová vojna (1939-1945)
|2 SNKPH
|9 169657
|
| 650 |
0 |
7 |
|a Nacism
|2 SNKPHeng
|9 274178
|
| 650 |
0 |
7 |
|a Nazis
|2 SNKPHeng
|9 287316
|
| 650 |
0 |
7 |
|a Americans
|2 SNKPHeng
|9 417349
|
| 650 |
|
7 |
|a World War (1939-1945)
|2 SNKPHeng
|9 284172
|
| 651 |
|
7 |
|a Germany
|x politics and government
|2 SNKPHeng
|9 413426
|
| 651 |
|
7 |
|a Nemecko
|x politika a vláda
|2 SNKPHgeo
|9 365339
|
| 651 |
|
7 |
|a Nemecko
|x sociálne pomery
|2 SNKPHgeo
|9 417350
|
| 651 |
|
7 |
|a Germany
|x social conditions
|2 SNKPHeng
|9 417351
|
| 655 |
|
7 |
|a literatúra faktu
|2 SNKPH
|9 70526
|
| 655 |
|
7 |
|a Non-fiction
|2 SNKPHeng
|9 310495
|
| 700 |
1 |
|
|a Fridner, Peter
|4 trl
|9 397406
|
| 852 |
|
|
|a Štátna vedecká knižnica v Banskej Bystrici
|
| 919 |
|
|
|a 978-80-551-3484-0
|
| 958 |
|
|
|a OP
|
| 968 |
|
|
|b ENG
|
| 999 |
|
|
|c 667413
|d 669343
|
| 952 |
|
|
|a SNK
|b SNK
|y PREZ
|7 0
|p 17A1081324
|o snkSC 155711
|i snk2013/18929
|8 0
|0 0
|1 0
|4 0
|d 2013-08-14
|l 0
|r 2025-07-25 00:00:00
|w 2026-02-23
|
| 952 |
|
|
|a SNK
|b SNK
|y VYP
|7 0
|p 17A1082255
|o snkSC 155711 D1
|i snk2013/20579
|8 0
|0 0
|1 0
|4 0
|d 2013-09-06
|f 1
|l 0
|r 2026-02-23 19:15:02
|w 2026-02-23
|